[Event "TUR-chT"]
[Site "Ankara"]
[Date "2023.07.20"]
[Round "11.9"]
[White "Yavuz, Efe Metehan"]
[Black "Can, Emre"]
[Result "0-1"]
[WhiteElo "2346"]
[BlackElo "2570"]
[PlyCount "90"]
[EventDate "2023.07.10"]
[EventType "team-tourn"]
[EventRounds "11"]
[EventCountry "TUR"]
[SourceTitle "EXT 2024"]
[Source "ChessBase"]
[SourceDate "2023.10.10"]
[SourceVersion "1"]
[SourceVersionDate "2023.10.10"]
[SourceQuality "1"]
[WhiteTeam "Rota Koleji Dernegi"]
[BlackTeam "Gokturk"]
[WhiteTeamCountry "TUR"]
[BlackTeamCountry "TUR"]

1. Nf3 d5 2. g3 g6 3. Bg2 Bg7 4. d4 Nf6 5. 0-0 c6 6. c3 0-0 7. h3 Nbd7 8. Nbd2 c5 9. Re1 b6 10. e4 dxe4 11. Nxe4 Nxe4 12. Rxe4 Bb7 13. Re1 Re8 14. Qb3 cxd4 15. cxd4 Nf6 16. Bf4 Bd5 17. Qa3 Bf8 18. Qa4 Qd7 19. Qxd7 Nxd7 20. Rac1 Rac8 21. Ne5 Nf6 22. Bf1 Bxa2 23. Bb5 Rxc1 24. Rxc1 Ra8 25. Bc6 Rc8 26. Ra1 Bd5 27. Bxd5 Nxd5 28. Rxa7 f6 29. Nd7 Kf7 30. Rb7 Rc2 31. b4 Rb2 32. Bc7 Rxb4 33. Bxb6 Ke8 34. Nxf8 Kxf8 35. Rb8+ Kf7 36. Ba7 Rxb8 37. Bxb8 Ke6 38. Ba7 Nb4 39. Bc5 Nc6 40. Kg2 Kd5 41. Ba3 Kxd4 42. Kf3 Kd3 43. h4 h5 44. Bc5 e6 45. Kg2 Ke2 0-1

[Event "TUR-ch"]
[Site "Kemer"]
[Date "2022.12.03"]
[Round "9"]
[White "Yilmaz, Mustafa"]
[Black "Yavuz, Efe Metehan"]
[Result "1/2-1/2"]
[WhiteElo "2621"]
[BlackElo "2256"]
[PlyCount "44"]
[EventDate "2022.11.25"]
[EventType "tourn"]
[EventRounds "9"]
[EventCountry "TUR"]
[EventCategory "5"]
[SourceTitle "CBM 211 Extra"]
[Source "ChessBase"]
[SourceDate "2023.01.31"]
[SourceVersion "1"]
[SourceVersionDate "2023.01.31"]
[SourceQuality "1"]

1. d4 Nf6 2. c4 e6 3. Nc3 Bb4 4. e3 0-0 5. Bd3 d5 6. Nf3 dxc4 7. Bxc4 c5 8. 0-0 cxd4 9. exd4 b6 10. Bg5 Bb7 11. Ne5 Nc6 12. Ba6 Bxa6 13. Nxc6 Qd6 14. Bxf6 gxf6 15. Qg4+ Kh8 16. Qh4 Qxc6 17. Qxf6+ Kg8 18. Qg5+ Kh8 19. Qf6+ Kg8 20. Qg5+ Kh8 21. Qf6+ Kg8 22. Qg5+ Kh8 1/2-1/2

[Event "TUR-ch"]
[Site "Kemer"]
[Date "2022.11.25"]
[Round "1"]
[White "Yaran, Siar"]
[Black "Yavuz, Efe Metehan"]
[Result "1/2-1/2"]
[WhiteElo "2291"]
[BlackElo "2256"]
[PlyCount "102"]
[EventDate "2022.11.25"]
[EventType "tourn"]
[EventRounds "9"]
[EventCountry "TUR"]
[EventCategory "5"]
[SourceTitle "CBM 211 Extra"]
[Source "ChessBase"]
[SourceDate "2023.01.31"]
[SourceVersion "1"]
[SourceVersionDate "2023.01.31"]
[SourceQuality "1"]

1. d4 d5 2. c4 e6 3. Nc3 Nf6 4. Bg5 dxc4 5. e3 c5 6. Bxc4 cxd4 7. exd4 Be7 8. Nf3 0-0 9. 0-0 Nc6 10. a3 a6 11. Rc1 b5 12. d5 exd5 13. Bxd5 Bb7 14. Re1 Nxd5 15. Qxd5 Bxg5 16. Nxg5 Qxd5 17. Nxd5 Rad8 18. Rxc6 Rxd5 19. Rc7 Rxg5 20. Rxb7 Rg6 21. Re3 Rf6 22. Kf1 g6 23. Rf3 Rxf3 24. gxf3 Rc8 25. Rb6 Rc2 26. b4 Rc3 27. Rxa6 Rxf3 28. Ra5 Kg7 29. Ke2 Rh3 30. Rxb5 Rxa3 31. Rc5 h5 32. b5 Rb3 33. Kd2 h4 34. Kc2 Rb4 35. Kc3 Rb1 36. Kc4 Rb2 37. h3 Kf6 38. Kd5 Ke7 39. Kc6 Kd8 40. f4 Rb3 41. b6 Kc8 42. Ra5 Rc3+ 43. Kb5 Kb8 44. Ra7 Rb3+ 45. Kc6 Rc3+ 46. Kd5 Rxh3 47. Rxf7 Rg3 48. Rh7 h3 49. Ke4 Kc8 50. Ke5 Kb8 51. Ke4 Kc8 1/2-1/2

[Event "World ol U16"]
[Site "Nakhchivan"]
[Date "2022.10.10"]
[Round "9.3"]
[White "Suleymanli, Suleyman"]
[Black "Yavuz, Efe Metehan"]
[Result "0-1"]
[WhiteElo "2304"]
[BlackElo "2215"]
[PlyCount "124"]
[EventDate "2022.10.02"]
[EventType "team-swiss"]
[EventRounds "9"]
[EventCountry "AZE"]
[SourceTitle "CBM 210 Extra"]
[Source "ChessBase"]
[SourceDate "2022.11.30"]
[SourceVersion "1"]
[SourceVersionDate "2022.11.30"]
[SourceQuality "1"]
[WhiteTeam "Azerbaijan"]
[BlackTeam "Turkey Anatolia"]
[WhiteTeamCountry "AZE"]
[BlackTeamCountry "TUR"]

1. Nf3 d5 2. g3 g6 3. Bg2 Bg7 4. d4 c6 5. 0-0 Nf6 6. c4 dxc4 7. a4 Ne4 8. Qc2 Nd6 9. e4 0-0 10. Na3 Na6 11. Nxc4 Nxc4 12. Qxc4 Be6 13. Qe2 Bg4 14. Rd1 Bxf3 15. Bxf3 Bxd4 16. Bg5 Qd6 17. Rac1 e5 18. Bh6 Rfd8 19. Rc4 Nc7 20. Bg5 Re8 21. Bg4 Ne6 22. Be3 c5 23. b4 b6 24. b5 a6 25. bxa6 Nc7 26. f4 Nxa6 27. Kg2 Qe7 28. Bxd4 exd4 29. Bf3 Nb4 30. Ra1 b5 31. Rcc1 d3 32. Qf2 Nc2 33. Rxc2 dxc2 34. Qxc2 Red8 35. Ra2 Rxa4 36. Rxa4 bxa4 37. Qxa4 Rd2+ 38. Kf1 Qb7 39. Be2 Rd8 40. Qc4 Qb1+ 41. Kf2 Qb4 42. Kf3 Qxc4 43. Bxc4 Rd2 44. Be2 Rb2 45. e5 Kg7 46. Ke3 f6 47. exf6+ Kxf6 48. Kf3 Ke7 49. Ke3 Kd6 50. h4 Rb3+ 51. Kf2 Kd5 52. h5 Ke4 53. Bc4 Rb2+ 54. Ke1 Ke3 55. Kf1 Kf3 56. Ke1 Kxg3 57. hxg6 hxg6 58. Bd3 Rb6 59. f5 g5 60. Kd2 Kf4 61. Kc3 Rf6 62. Kc4 Rxf5 0-1

[Event "World ol U16"]
[Site "Nakhchivan"]
[Date "2022.10.07"]
[Round "6.3"]
[White "Rakhmatullaev, Almas"]
[Black "Yavuz, Efe Metehan"]
[Result "1/2-1/2"]
[WhiteElo "2321"]
[BlackElo "2215"]
[PlyCount "147"]
[EventDate "2022.10.02"]
[EventType "team-swiss"]
[EventRounds "9"]
[EventCountry "AZE"]
[SourceTitle "CBM 210 Extra"]
[Source "ChessBase"]
[SourceDate "2022.11.30"]
[SourceVersion "1"]
[SourceVersionDate "2022.11.30"]
[SourceQuality "1"]
[WhiteTeam "Uzbekistan"]
[BlackTeam "Turkey Anatolia"]
[WhiteTeamCountry "UZB"]
[BlackTeamCountry "TUR"]

1. e4 e5 2. Nf3 Nf6 3. Nc3 Nc6 4. Bb5 Nd4 5. 0-0 Nxb5 6. Nxb5 c6 7. Nc3 d6 8. d4 Qc7 9. a4 Be7 10. Be3 Bg4 11. h3 Bh5 12. a5 0-0 13. dxe5 dxe5 14. Ra4 b5 15. axb6 axb6 16. Rxa8 Rxa8 17. Bg5 b5 18. Bxf6 Bxf6 19. Qd3 Be7 20. Qe3 f6 21. Nh4 Bf7 22. Nf5 Bf8 23. Rd1 Be6 24. b3 Qa5 25. Ng3 Rd8 26. Rxd8 Qxd8 27. Nf1 Qd4 28. Ne2 Qd8 29. Nd2 Bb4 30. c3 Ba5 31. Nc1 Bb6 32. Qd3 Qc7 33. Kf1 Kf7 34. Qf3 Qa7 35. Ke2 Qa1 36. Kd1 Qb2 37. Qh5+ Ke7 38. Qxh7 Kf8 39. Qh8+ Bg8 40. Qh4 Qxc3 41. Qg4 Ba5 42. Qc8+ Ke7 43. Qb7+ Kd8 44. Qb8+ Kd7 45. Qa7+ Ke6 46. Nf3 Bf7 47. Qa8 Bh5 48. Qg8+ Kd6 49. Qf8+ Kc7 50. Qe7+ Kc8 51. Qf8+ Kb7 52. Qxg7+ Kb6 53. Qd7 Bxf3+ 54. gxf3 Qxf3+ 55. Kc2 Qxf2+ 56. Kb1 Qe1 57. Kc2 Qxe4+ 58. Nd3 Qg2+ 59. Kb1 Qf1+ 60. Kc2 Qe2+ 61. Kb1 Qf1+ 62. Kc2 Qg2+ 63. Kb1 Qg8 64. Kc2 Qf8 65. h4 f5 66. b4 Bxb4 67. Nxb4 Qc5+ 68. Kd1 Qg1+ 69. Kc2 Qg2+ 70. Kc3 Qg3+ 71. Kc2 Qf2+ 72. Kb3 Qg3+ 73. Kc2 Qf2+ 74. Kb3 1/2-1/2

[Event "World ol U16"]
[Site "Nakhchivan"]
[Date "2022.10.06"]
[Round "5.5"]
[White "Yavuz, Efe Metehan"]
[Black "Kirtadze, Anastasia"]
[Result "1-0"]
[WhiteElo "2215"]
[BlackElo "1922"]
[PlyCount "143"]
[EventDate "2022.10.02"]
[EventType "team-swiss"]
[EventRounds "9"]
[EventCountry "AZE"]
[SourceTitle "CBM 210 Extra"]
[Source "ChessBase"]
[SourceDate "2022.11.30"]
[SourceVersion "1"]
[SourceVersionDate "2022.11.30"]
[SourceQuality "1"]
[WhiteTeam "Turkey Anatolia"]
[BlackTeam "Georgia"]
[WhiteTeamCountry "TUR"]
[BlackTeamCountry "GEO"]

1. Nf3 Nf6 2. b3 c5 3. Bb2 Nc6 4. e3 e6 5. Be2 Be7 6. 0-0 0-0 7. d4 b6 8. c4 cxd4 9. Nxd4 Nxd4 10. Qxd4 Bb7 11. Nc3 Bc6 12. Rfd1 Qc7 13. a3 Qb7 14. Bf1 a5 15. Qf4 d6 16. Qg3 e5 17. Be2 Ne4 18. Nxe4 Bxe4 19. a4 f5 20. Bf3 Rf6 21. Bxe4 fxe4 22. Rd5 Raf8 23. Rf1 Qc8 24. h3 Rg6 25. Qh2 Rf3 26. Kh1 Rh6 27. Kg1 Qf5 28. Bxe5 dxe5 29. Qxe5 Rfxh3 30. gxh3 Qxh3 31. Rd8+ Kf7 32. Qd5+ Re6 33. Rd7 Ke8 34. Rxe7+ Kxe7 35. Qb7+ Ke8 36. Qc8+ Ke7 37. Qc7+ Ke8 38. Qc8+ Kf7 39. Qc7+ Kf6 40. Qf4+ Qf5 41. Qxf5+ Kxf5 42. Rd1 Rg6+ 43. Kh2 Kg4 44. Kg2 h5 45. Rd4 Re6 46. f3+ Kf5 47. Rd5+ Re5 48. Rd6 h4 49. f4 Re8 50. Rxb6 Rd8 51. Rb5+ Kf6 52. Kh3 Rd3 53. Kxh4 Rxe3 54. Kg4 Rc3 55. Rf5+ Kg6 56. Rxa5 Rxb3 57. Rb5 Rc3 58. Rc5 Kf6 59. Rc6+ Ke7 60. a5 Kd7 61. Rc5 Kd6 62. Rd5+ Kc6 63. Rd4 Re3 64. Kf5 Ra3 65. Kg6 Rg3+ 66. Kf5 Ra3 67. Rxe4 Rxa5+ 68. Kg6 Ra7 69. f5 Kc5 70. Rh4 Rd7 71. Rh7 Kxc4 72. f6 1-0

[Event "Wch U16"]
[Site "Mamaia"]
[Date "2022.09.11"]
[Round "6"]
[White "Yavuz, Efe Metehan"]
[Black "Droin, Augustin"]
[Result "1-0"]
[WhiteElo "2215"]
[BlackElo "2408"]
[PlyCount "97"]
[EventDate "2022.09.06"]
[EventType "swiss"]
[EventRounds "11"]
[EventCountry "ROU"]
[SourceTitle "CBM 210 Extra"]
[Source "ChessBase"]
[SourceDate "2022.11.30"]
[SourceVersion "1"]
[SourceVersionDate "2022.11.30"]
[SourceQuality "1"]

1. d4 Nf6 2. c4 e6 3. g3 d5 4. Bg2 Be7 5. Nf3 0-0 6. 0-0 c6 7. Qc2 b6 8. Nbd2 Ba6 9. Ne5 Nfd7 10. Nd3 Bf6 11. e3 Bb7 12. b3 Na6 13. Bb2 Rc8 14. Rac1 c5 15. Qb1 cxd4 16. Bxd4 Bxd4 17. exd4 Qf6 18. Qb2 Nab8 19. Rfe1 h6 20. b4 Qf5 21. Nf4 g5 22. Ne2 Nc6 23. b5 Na5 24. c5 bxc5 25. Qa3 cxd4 26. Qxa5 Qd3 27. Nb3 e5 28. Bf1 Qf5 29. Qxa7 Nf6 30. Nexd4 exd4 31. Nxd4 Qd7 32. Qb6 Kg7 33. Bd3 Ne4 34. a4 g4 35. a5 Rxc1 36. Rxc1 Rc8 37. Rxc8 Qxc8 38. Kg2 Qc3 39. Nf5+ Kg8 40. Qxh6 Qe5 41. a6 Qxf5 42. Qf4 Qxf4 43. gxf4 Bc8 44. Bxe4 dxe4 45. f5 Kg7 46. Kg3 Kf6 47. Kf4 Ke7 48. Kxg4 Kd6 49. Kf4 1-0

[Event "TUR Cup"]
[Site "Adapazari"]
[Date "2022.03.31"]
[Round "10"]
[White "Kilic, Eray"]
[Black "Yavuz, Efe Metehan"]
[Result "0-1"]
[WhiteElo "2088"]
[BlackElo "2076"]
[PlyCount "130"]
[EventDate "2022.03.25"]
[EventType "swiss"]
[EventRounds "11"]
[EventCountry "TUR"]
[SourceTitle "EXT 2023"]
[Source "ChessBase"]
[SourceDate "2022.10.05"]
[SourceVersion "1"]
[SourceVersionDate "2022.10.05"]
[SourceQuality "1"]

1. e4 e5 2. Nf3 Nc6 3. Bb5 Nf6 4. d3 Bc5 5. Bxc6 dxc6 6. h3 0-0 7. 0-0 Qe7 8. Be3 Nd7 9. Nbd2 a5 10. Nc4 Bd6 11. a4 b6 12. Re1 Ba6 13. c3 Bxc4 14. dxc4 Bc5 15. Nh4 Qe6 16. Nf5 g6 17. Nh6+ Kg7 18. Qe2 Bxe3 19. Qxe3 Rad8 20. Rad1 Nc5 21. Rxd8 Rxd8 22. b4 Nxa4 23. Ng4 f6 24. c5 axb4 25. cxb4 Qe7 26. h4 Qe6 27. f3 Kg8 28. Nh6+ Kh8 29. f4 Kg7 30. f5 Qc4 31. fxg6 hxg6 32. Kh1 Qd4 33. Qf3 Qd3 34. Nf5+ gxf5 35. Qxf5 Qg3 36. Rf1 Qxh4+ 37. Kg1 Qg5 38. Qh3 Rh8 39. Qd7+ Kg6 40. Rf3 bxc5 41. Kf2 Rh4 42. Qe8+ Kh7 43. Qd7+ Qg7 44. Qf5+ Qg6 45. Qd7+ Kh6 46. Qd2+ Kh7 47. Qd7+ Qg7 48. Qf5+ Kh6 49. Qe6 Rf4 50. Rxf4 exf4 51. Qh3+ Kg6 52. Qf5+ Kf7 53. Qd7+ Kg8 54. Qe8+ Qf8 55. Qg6+ Kh8 56. e5 fxe5 57. Qh5+ Kg7 58. Qg4+ Kf6 59. Qh4+ Ke6 60. Qg4+ Ke7 61. Qh4+ Kd7 62. Qh7+ Kc8 63. b5 cxb5 64. Qe4 Kb8 65. Qc6 Nc3 0-1

[Event "TUR Cup"]
[Site "Adapazari"]
[Date "2022.03.28"]
[Round "6"]
[White "Gunduz, Umut Erdem"]
[Black "Yavuz, Efe Metehan"]
[Result "0-1"]
[WhiteElo "2349"]
[BlackElo "2076"]
[PlyCount "100"]
[EventDate "2022.03.25"]
[EventType "swiss"]
[EventRounds "11"]
[EventCountry "TUR"]
[SourceTitle "EXT 2023"]
[Source "ChessBase"]
[SourceDate "2022.10.05"]
[SourceVersion "1"]
[SourceVersionDate "2022.10.05"]
[SourceQuality "1"]

1. e4 c5 2. Nf3 Nc6 3. d4 cxd4 4. Nxd4 Nf6 5. Nc3 e5 6. Ndb5 d6 7. Bg5 a6 8. Na3 b5 9. Nd5 Be7 10. Bxf6 Bxf6 11. c4 b4 12. Nc2 a5 13. g3 0-0 14. h4 Be6 15. Bg2 a4 16. 0-0 Be7 17. Qd3 Rb8 18. b3 Bxd5 19. exd5 Na5 20. Rab1 axb3 21. axb3 Nb7 22. Ne3 Nc5 23. Qc2 g6 24. h5 Kg7 25. f4 exf4 26. gxf4 Bf6 27. f5 Re8 28. Rf3 Rxe3 29. Rxe3 Bd4 30. h6+ Kxh6 31. Qd2 Qh4 32. Kf1 Qf4+ 33. Ke2 Qxe3+ 34. Qxe3+ Bxe3 35. Kxe3 Ra8 36. Kf4 Kg7 37. Be4 g5+ 38. Kf3 Kf6 39. Rb2 Ra3 40. Bc2 Ra1 41. Bb1 h5 42. Kg3 Ra3 43. Bc2 Ke5 44. Kf3 Ra1 45. Bb1 Kd4 46. Rd2+ Kc3 47. Rd1 Kb2 48. Bc2 Rc1 49. Rxc1 Kxc1 50. Be4 f6 0-1

[Event "TUR Cup"]
[Site "Adapazari"]
[Date "2022.03.26"]
[Round "2"]
[White "Karacor, Kemal"]
[Black "Yavuz, Efe Metehan"]
[Result "0-1"]
[WhiteElo "1602"]
[BlackElo "2076"]
[PlyCount "72"]
[EventDate "2022.03.25"]
[EventType "swiss"]
[EventRounds "11"]
[EventCountry "TUR"]
[SourceTitle "EXT 2023"]
[Source "ChessBase"]
[SourceDate "2022.10.05"]
[SourceVersion "1"]
[SourceVersionDate "2022.10.05"]
[SourceQuality "1"]

1. d4 d5 2. c4 e6 3. Nf3 Nf6 4. Bg5 Bb4+ 5. Nc3 dxc4 6. Bxf6 Qxf6 7. e3 b5 8. a3 Bxc3+ 9. bxc3 Nd7 10. Be2 Bb7 11. 0-0 0-0 12. Ne1 Nb6 13. Qd2 Rfd8 14. Bf3 Bxf3 15. Nxf3 c5 16. Qb2 a6 17. Rfd1 cxd4 18. exd4 Na4 19. Qc2 Qg6 20. Rdc1 Qxc2 21. Rxc2 Rd5 22. Ne5 f6 23. Nc6 Rd6 24. Nb4 Rad8 25. f4 Kf7 26. Kf2 a5 27. Na2 e5 28. fxe5 fxe5 29. Rb1 Rd5 30. Nc1 exd4 31. cxd4 Rf5+ 32. Ke3 Re8+ 33. Kd2 Rf2+ 34. Kd1 Rf1+ 35. Kd2 c3+ 36. Kd3 Rd1+ 0-1

[Event "Titled Tuesday intern op 21st Dec"]
[Site "Chess.com INT"]
[Date "2021.12.21"]
[Round "10"]
[White "Clawitter, Craig"]
[Black "Yavuz, Efe Metehan"]
[Result "0-1"]
[WhiteElo "2050"]
[BlackElo "2025"]
[PlyCount "98"]
[EventDate "2021.12.21"]
[EventType "swiss (blitz)"]
[EventRounds "11"]
[EventCountry "USA"]
[SourceTitle "CBM 205 Extra"]
[Source "ChessBase"]
[SourceDate "2022.01.31"]
[SourceVersion "1"]
[SourceVersionDate "2022.01.31"]
[SourceQuality "1"]

1. e4 c5 2. Nf3 e6 3. d4 cxd4 4. Nxd4 a6 5. Bd3 Qc7 6. 0-0 Nc6 7. Nxc6 bxc6 8. c4 g6 9. Nc3 Bg7 10. Kh1 Ne7 11. f4 f5 12. e5 0-0 13. b3 d5 14. Ba3 Rd8 15. Bd6 Qb7 16. Na4 Re8 17. Rc1 Bd7 18. Nc5 Qa7 19. cxd5 Nxd5 20. Bxa6 Ne3 21. Qd3 Nxf1 22. Rxf1 g5 23. Bb7 Rad8 24. Bc7 Qxc5 25. Bxd8 Rxd8 26. Bc8 Qe7 27. Rd1 Rxc8 28. Qxd7 Qxd7 29. Rxd7 gxf4 30. Re7 Rd8 31. Kg1 Rd1+ 32. Kf2 Rd2+ 33. Kf3 Rxa2 34. Kxf4 Rxg2 35. Rxe6 Rxh2 36. Kxf5 Rf2+ 37. Ke4 Rb2 38. Rxc6 Rxb3 39. e6 Bf6 40. Kf5 Rf3+ 41. Ke4 Rf1 42. Rc8+ Kg7 43. Kd5 Rd1+ 44. Ke4 Re1+ 45. Kd5 h5 46. Rc7+ Kg6 47. Kd6 Be5+ 48. Kd7 Bxc7 49. e7 h4 0-1

[Event "Titled Tuesday intern op 21st Dec"]
[Site "Chess.com INT"]
[Date "2021.12.21"]
[Round "3"]
[White "Estrada Nieto, Julian"]
[Black "Yavuz, Efe Metehan"]
[Result "1-0"]
[WhiteElo "2253"]
[BlackElo "2025"]
[PlyCount "79"]
[EventDate "2021.12.21"]
[EventType "swiss (blitz)"]
[EventRounds "11"]
[EventCountry "USA"]
[SourceTitle "CBM 205 Extra"]
[Source "ChessBase"]
[SourceDate "2022.01.31"]
[SourceVersion "1"]
[SourceVersionDate "2022.01.31"]
[SourceQuality "1"]

1. e4 c5 2. Nf3 Nc6 3. Bb5 g6 4. Bxc6 dxc6 5. d3 Bg7 6. h3 Nf6 7. Nc3 0-0 8. Be3 b6 9. Qd2 Nd7 10. Bh6 e5 11. Bxg7 Kxg7 12. 0-0 Bb7 13. Nh2 f5 14. f4 fxe4 15. Nxe4 Qe7 16. Ng4 exf4 17. Rxf4 Ne5 18. Rxf8 Kxf8 19. Qh6+ Ke8 20. Nef6+ Kd8 21. Nxe5 Qxf6 22. Qxh7 Qxe5 23. Qxb7 Rc8 24. Rf1 Qe7 25. Qxe7+ Kxe7 26. Kf2 Ke6 27. Ke3 b5 28. Rf3 Rd8 29. g4 a5 30. g5 Rh8 31. Kf2 Rh5 32. Rf6+ Kd5 33. Rxg6 Rxh3 34. Rh6 Rxh6 35. gxh6 c4 36. h7 cxd3 37. cxd3 Kd4 38. h8Q+ Kxd3 39. Qc3+ Ke4 40. Qxc6+ 1-0

[Event "EU-ch Schools U15"]
[Site "Tornelo INT"]
[Date "2021.12.10"]
[Round "1"]
[White "Gogia, Alexandre"]
[Black "Yavuz, Efe Metehan"]
[Result "0-1"]
[WhiteElo "1375"]
[BlackElo "2025"]
[PlyCount "148"]
[EventDate "2021.12.03"]
[EventType "swiss (rapid)"]
[EventRounds "7"]
[EventCountry "NET"]
[SourceTitle "EXT 2023"]
[Source "ChessBase"]
[SourceDate "2022.10.05"]
[SourceVersion "1"]
[SourceVersionDate "2022.10.05"]
[SourceQuality "1"]

1. d4 Nf6 2. Nf3 c5 3. d5 e6 4. c4 exd5 5. cxd5 d6 6. Nc3 a6 7. a4 Bf5 8. Bg5 Be7 9. e3 Qb6 10. Qd2 h6 11. Bf4 Nh5 12. Bg3 0-0 13. Bc4 Nd7 14. a5 Qc7 15. 0-0 Nxg3 16. hxg3 Bf6 17. Rfe1 Rfe8 18. Bd3 Bxd3 19. Qxd3 c4 20. Qe2 Rac8 21. Nd2 Ne5 22. Red1 g6 23. Nce4 Bg7 24. Rdc1 f5 25. Nc3 Nd3 26. Rc2 Nb4 27. Rcc1 Nd3 28. Rc2 Nxb2 29. Rb1 Nd3 30. Na4 Qxa5 31. Nb6 Ne5 32. Ndxc4 Nxc4 33. Nxc4 Qc7 34. Rbc1 Qd7 35. Qd3 b5 36. Nb6 Rxc2 37. Qxc2 Qf7 38. Nc8 Rd8 39. Qc6 Qf6 40. Qxa6 b4 41. Rc6 b3 42. Qb6 b2 43. Rc2 Qf7 44. Qxd8+ Kh7 45. Nxd6 Qxd5 46. Rxb2 Bxb2 47. Qe7+ Bg7 48. Ne8 Qd1+ 49. Kh2 Qh5+ 50. Kg1 Qd1+ 51. Kh2 Qh5+ 52. Qh4 Qxh4+ 53. gxh4 Be5+ 54. f4 Bc3 55. Nd6 Kg7 56. Kg3 Be1+ 57. Kf3 Bxh4 58. e4 Be7 59. Nc4 fxe4+ 60. Kxe4 Bf6 61. Nd6 Be7 62. Nc4 h5 63. Ke5 Bf6+ 64. Ke6 Bc3 65. Ne3 Bd2 66. Nd5 Bc1 67. Ke5 Kh6 68. f5 Bb2+ 69. Ke4 g5 70. Nf6 Bxf6 71. Kd5 g4 72. Ke6 Kg5 73. Kd5 Kxf5 74. g3 h4 0-1

[Event "EU-ch Schools U15"]
[Site "Tornelo INT"]
[Date "2021.12.10"]
[Round "1"]
[White "Yavuz, Efe Metehan"]
[Black "Safarov, Deniel"]
[Result "1/2-1/2"]
[WhiteElo "2025"]
[BlackElo "1880"]
[PlyCount "52"]
[EventDate "2021.12.03"]
[EventType "swiss (rapid)"]
[EventRounds "7"]
[EventCountry "NET"]
[SourceTitle "EXT 2023"]
[Source "ChessBase"]
[SourceDate "2022.10.05"]
[SourceVersion "1"]
[SourceVersionDate "2022.10.05"]
[SourceQuality "1"]

1. d4 Nf6 2. c4 g6 3. Nc3 Bg7 4. e4 d6 5. f3 0-0 6. Be3 e5 7. d5 c6 8. Qd2 cxd5 9. cxd5 a6 10. Bd3 Nbd7 11. Nge2 Ne8 12. 0-0 f5 13. exf5 gxf5 14. f4 e4 15. Bc2 Nb6 16. b3 Nf6 17. h3 Kh8 18. Rac1 Rg8 19. Bd4 Bd7 20. Rfd1 Nh5 21. Qe1 Bxd4+ 22. Rxd4 Qf6 23. Qf2 Rg7 24. Nd1 Rag8 25. Ne3 Ng3 26. Rd2 Bb5 1/2-1/2

[Event "Balkan-ch U14"]
[Site "Tornelo INT"]
[Date "2020.11.01"]
[Round "6"]
[White "Zlatkov, Anton"]
[Black "Yavuz, Efe Metehan"]
[Result "0-1"]
[WhiteElo "1761"]
[BlackElo "1981"]
[PlyCount "144"]
[EventDate "2020.10.31"]
[EventType "swiss"]
[EventRounds "7"]
[EventCountry "NET"]
[SourceTitle "EXT 2023"]
[Source "ChessBase"]
[SourceDate "2022.10.05"]
[SourceVersion "1"]
[SourceVersionDate "2022.10.05"]
[SourceQuality "1"]

1. d4 c5 2. d5 e5 3. c4 d6 4. Nc3 g6 5. g3 Bg7 6. Bg2 Ne7 7. f4 0-0 8. Nf3 f5 9. fxe5 dxe5 10. e4 f4 11. 0-0 fxg3 12. hxg3 h6 13. Be3 b6 14. Qd2 Kh7 15. a3 Ba6 16. b3 Nc8 17. Bh3 Nd6 18. a4 Bc8 19. Bxc8 Qxc8 20. Kg2 Qg4 21. Nh2 Qd7 22. Rh1 Nf7 23. Nf3 Kg8 24. Nh4 Qg4 25. Qd1 Qxd1 26. Raxd1 Kh7 27. Nb5 Na6 28. Nf3 Kg8 29. Nh4 Kh7 30. d6 Rad8 31. Nf3 Nb4 32. Ng5+ Nxg5 33. Bxg5 Rd7 34. Be7 Rf7 35. Rhf1 Rxf1 36. Rxf1 Nc6 37. Bf6 Bxf6 38. Rxf6 Kg7 39. Rf2 Kg8 40. Rf6 Kg7 41. Rf3 Rf7 42. Nc7 Rxf3 43. Kxf3 Kf6 44. Ke3 h5 45. Kf3 Nd4+ 46. Ke3 Nxb3 47. Nb5 Ke6 48. Nxa7 Kxd6 49. Nb5+ Kc6 50. Nc3 Na5 51. Kd3 g5 52. Nd5 h4 53. gxh4 gxh4 54. Ne7+ Kd7 55. Ng6 h3 56. Nxe5+ Kd6 57. Ng4 Nc6 58. Nh2 Ne5+ 59. Kc3 Ke6 60. Nf1 Kf6 61. Kb3 Nc6 62. Kc3 Ke5 63. Kd3 Kf4 64. Nh2 Ne5+ 65. Kc3 Kxe4 66. Kb3 Kd4 67. a5 bxa5 68. Ka4 Nxc4 69. Kb5 Kc3 70. Nf3 Nd2 71. Nh2 c4 72. Kxa5 Kb3 0-1

[Event "Balkan-ch U14"]
[Site "Tornelo INT"]
[Date "2020.10.31"]
[Round "2"]
[White "Yavuz, Efe Metehan"]
[Black "Stamatiou, Rodolfos"]
[Result "1-0"]
[WhiteElo "1981"]
[BlackElo "1735"]
[PlyCount "121"]
[EventDate "2020.10.31"]
[EventType "swiss"]
[EventRounds "7"]
[EventCountry "NET"]
[SourceTitle "EXT 2023"]
[Source "ChessBase"]
[SourceDate "2022.10.05"]
[SourceVersion "1"]
[SourceVersionDate "2022.10.05"]
[SourceQuality "1"]

1. e4 c5 2. Nc3 Nc6 3. d3 g6 4. g3 Bg7 5. Bg2 e6 6. Be3 d6 7. f4 Nge7 8. Nf3 0-0 9. 0-0 Rb8 10. a4 Nd4 11. Rb1 Nec6 12. Ne2 a6 13. c3 Nxf3+ 14. Bxf3 b5 15. axb5 axb5 16. d4 cxd4 17. Nxd4 Nxd4 18. Bxd4 e5 19. Be3 b4 20. c4 b3 21. Be2 f5 22. fxe5 Bxe5 23. Qd5+ Kg7 24. c5 Re8 25. Bd4 Rb4 26. Bxe5+ Rxe5 27. Qxd6 Qe8 28. Bd3 fxe4 29. c6 Qe7 30. Qxe7+ Rxe7 31. Be2 Rc7 32. Rfc1 Rb6 33. Rc3 Rcxc6 34. Rbc1 Rxc3 35. Rxc3 Be6 36. Kf2 Rb7 37. Ke3 Ra7 38. Bd1 Ra1 39. Bxb3 Bf5 40. Rc7+ Kf6 41. h4 h5 42. Kd4 g5 43. Rc6+ Ke7 44. hxg5 Rg1 45. Rc3 Kd6 46. Ba4 Ra1 47. Rc6+ Kd7 48. Ra6+ Ke7 49. b3 Rg1 50. Ke5 Bc8 51. Ra7+ Kd8 52. Kf4 e3 53. Bb5 Bg4 54. g6 Be6 55. g7 h4 56. gxh4 Rg4+ 57. Kxe3 Rxh4 58. Bc4 Bxc4 59. bxc4 Rg4 60. g8Q+ Rxg8 61. Ra8+ 1-0

[Event "TUR-ch U13-U18"]
[Site "Antalya"]
[Date "2020.01.24"]
[Round "9"]
[White "Caputcuoglu, Zeki Berke"]
[Black "Yavuz, Efe Metehan"]
[Result "1-0"]
[WhiteElo "2179"]
[BlackElo "2011"]
[PlyCount "87"]
[EventDate "2020.01.19"]
[EventType "swiss"]
[EventRounds "11"]
[EventCountry "TUR"]
[SourceTitle "CBM 195 Extra"]
[Source "ChessBase"]
[SourceDate "2020.05.31"]
[SourceVersion "1"]
[SourceVersionDate "2020.05.31"]
[SourceQuality "1"]

1. Nf3 Nf6 2. c4 g6 3. d4 Bg7 4. g3 0-0 5. Bg2 d6 6. 0-0 Nc6 7. Nc3 a6 8. h3 Rb8 9. e4 Nd7 10. Be3 b5 11. cxb5 axb5 12. Qc2 Na5 13. Rad1 b4 14. Nd5 Ba6 15. Rfe1 c6 16. Nf4 Nc4 17. Bc1 Qb6 18. b3 Na5 19. e5 e6 20. exd6 Nf6 21. Ne5 Rfd8 22. Be3 Nd5 23. Nxd5 cxd5 24. Nd3 Rbc8 25. Nc5 Rxd6 26. Qd2 Nc6 27. Rc1 Bb5 28. h4 h5 29. Bh3 Re8 30. f4 Rc8 31. Rc2 Ra8 32. g4 hxg4 33. Bxg4 Kf8 34. Bf2 Ke7 35. Re5 Bf6 36. Qe1 Kd8 37. Kg2 Kc7 38. Nxe6+ fxe6 39. Rxe6 Rad8 40. Rxf6 Bd3 41. Qe7+ Kb8 42. Rxd6 Nxe7 43. Rxb6+ Ka7 44. Re6 1-0